LEADER 01056nam--2200385---450- 001 990002747060203316 005 20060606111127.0 010 $a88-85192-14-9 035 $a000274706 035 $aUSA01000274706 035 $a(ALEPH)000274706USA01 035 $a000274706 100 $a20060606d1997----km-y0itay0103----ba 101 $aita 102 $aIT 105 $aa|||||||001yy 200 1 $aFragranze$epsicologia e biologia del profumo$g[a cura di] George H. Dodd, Steve Van Toller 210 $aRoma$cAporie$dc1997 215 $a298 p.$cill.$d24 cm 300 $aAntologia tratta da: Perfumery ; Fragrance 410 0$12001 454 1$12001 461 1$1001-------$12001 606 0 $aProfumi$xaspetti psicologici 676 $a391.63 702 1$aDODD,$bGeorge H. 702 $aVAN TOLLER,$bSteve 801 0$aIT$bsalbc$gISBD 912 $a990002747060203316 951 $aP13 727$bDISTRA 959 $aBK 969 $aDISTRA 979 $aDISTRA1$b90$c20060606$lUSA01$h1111 996 $aFragranze$9999509 997 $aUNISA LEADER 01182nam 2200409 450 001 9910827154103321 005 20200520144314.0 010 $a0-7022-6089-4 035 $a(CKB)4340000000274996 035 $a(MiAaPQ)EBC5323978 035 $a(Au-PeEL)EBL5323978 035 $a(CaPaEBR)ebr11544617 035 $a(OCoLC)1031965197 035 $a(EXLCZ)994340000000274996 100 $a20190227d2018 uy 0 101 0 $aeng 135 $aurcnu|||||||| 181 $ctxt$2rdacontent 182 $cc$2rdamedia 183 $acr$2rdacarrier 200 10$aWe'll show the world $eexpo 88 /$fJackie Ryan 210 1$aSt Lucia, Queensland :$cUQP,$d2018. 215 $a1 online resource (viii, 303 pages, 8 unnumbered pages of plates) $cillustrations 320 $aIncludes bibliographical references and index. 606 $aExhibitions 606 $aExhibitions$zAustralia 615 0$aExhibitions. 615 0$aExhibitions 676 $a659.152 700 $aRyan$b Jackie$01601037 801 0$bMiAaPQ 801 1$bMiAaPQ 801 2$bMiAaPQ 906 $aBOOK 912 $a9910827154103321 996 $aWe'll show the world$93924452 997 $aUNINA